| 000 | 00632nam a2200241Ia 4500 | ||
|---|---|---|---|
| 005 | 20260429112025.0 | ||
| 008 | 260429s9999||||xx |||||||||||||| ||und|| | ||
| 020 | _a9789373324883 | ||
| 041 | _aEnglish | ||
| 082 |
_a658.80285 _bKAU |
||
| 100 | _aKaurav, Rahul Pratap Singh | ||
| 245 | 0 |
_aAI for marketing / _cRahul Pratap Singh Kaurav |
|
| 250 | _a1st ed. | ||
| 260 |
_aIndia : _bWiley, _c2026. |
||
| 300 | _axxvii, 516 p.; pbk | ||
| 650 | _a AI | ||
| 650 | _a Artificial intelligence | ||
| 650 | _a Marketing management | ||
| 650 | _aManagement | ||
| 700 | _a Paul, Justin | ||
| 700 | _a Rana, Sudhir | ||
| 942 | _cTB | ||
| 999 |
_c51943 _d51943 |
||